000 00301nam a2200109Ia 4500
008 200302s9999 xx 000 0 und d
100 _aNicholas Green
245 _aValode & Pistre Architects : Selected And Current Works Vii
260 _bImages Publishing, Austraila
260 _c2005
300 _a236 p
999 _c4965
_d4965